Fundamentals of corporate finance / (Record no. 6175)
[ view plain ]
| 000 -LEADER | |
|---|---|
| fixed length control field | 01087cam a22002892 4500 |
| 001 - CONTROL NUMBER | |
| control field | 0000003020 |
| 005 - DATE AND TIME OF LATEST TRANSACTION | |
| control field | 20151217151912.0 |
| 008 - FIXED-LENGTH DATA ELEMENTS--GENERAL INFORMATION | |
| fixed length control field | 070425s xx 000 0 eng d |
| 020 ## - INTERNATIONAL STANDARD BOOK NUMBER | |
| International Standard Book Number | 0256257728 : |
| Terms of availability | KES 700 |
| 040 ## - CATALOGING SOURCE | |
| Original cataloging agency | KABU |
| Transcribing agency | KABU |
| 050 #0 - LIBRARY OF CONGRESS CALL NUMBER | |
| Classification number | HG4026 |
| Item number | .R67 1998 |
| 100 1# - MAIN ENTRY--PERSONAL NAME | |
| Personal name | Ross, Stephen A. |
| -- | 0000152585 |
| 245 10 - TITLE STATEMENT | |
| Title | Fundamentals of corporate finance / |
| Statement of responsibility, etc. | Stephen A. Ross, Randolph W. Westerfield, Brandford D. Jordan. |
| 250 ## - EDITION STATEMENT | |
| Edition statement | 4th ed. |
| 260 ## - PUBLICATION, DISTRIBUTION, ETC. (IMPRINT) | |
| Place of publication, distribution, etc. | Boston, Massachusetts : |
| Name of publisher, distributor, etc. | Irwin/McGraw-Hill, |
| Date of publication, distribution, etc. | c1998. |
| 300 ## - PHYSICAL DESCRIPTION | |
| Extent | xxx, 708 p. ; |
| Dimensions | 26 cm + |
| Accompanying material | 1 computer disk (3.5 in.) |
| 650 #0 - SUBJECT ADDED ENTRY--TOPICAL TERM | |
| Topical term or geographic name as entry element | Corporations |
| General subdivision | Finance. |
| -- | 0000007704 |
| 700 1# - ADDED ENTRY--PERSONAL NAME | |
| Personal name | Westerfield, Randolph W. |
| -- | 0000152586 |
| 700 1# - ADDED ENTRY--PERSONAL NAME | |
| Personal name | Jordan, Bradford D. |
| -- | 0000152587 |
| 908 ## - PUT COMMAND PARAMETER (RLIN) | |
| Put command parameter | 070425 |
| 950 ## - LOCAL HOLDINGS (RLIN) | |
| -- | 1 |
| Withdrawn status | Lost status | Source of classification or shelving scheme | Not for loan | Home library | Current library | Date acquired | Total Checkouts | Full call number | Barcode | Date last seen | Date last checked out | Price effective from | Koha item type |
|---|---|---|---|---|---|---|---|---|---|---|---|---|---|
| Library of Congress Classification | Kabarak, Main Campus | Kabarak, Main Campus | 17/12/2015 | 1 | HG4026 .R67 1998 | 006972 | 25/11/2022 | 12/11/2022 | 17/12/2015 | General Collection | |||
| Library of Congress Classification | Kabarak, Main Campus | Kabarak, Main Campus | 17/12/2015 | HG4026 .R67 1998 | 006973 | 17/12/2015 | 17/12/2015 | General Collection | |||||
| Library of Congress Classification | Kabarak, Main Campus | Kabarak, Main Campus | 17/12/2015 | HG4026 .R67 1998 | 006974 | 17/12/2015 | 17/12/2015 | General Collection | |||||
| Library of Congress Classification | Kabarak, Main Campus | Kabarak, Main Campus | 17/12/2015 | HG4026 .R67 1998 | 006975 | 17/12/2015 | 17/12/2015 | General Collection | |||||
| Library of Congress Classification | Kabarak, Main Campus | Kabarak, Main Campus | 17/12/2015 | HG4026 .R67 1998 | 006976 | 17/12/2015 | 17/12/2015 | General Collection |